| 000 | 00442nam a2200169Ia 4500 | ||
|---|---|---|---|
| 008 | 220204s9999 xx 000 0 und d | ||
| 082 |
_a581.5(035) _bPES |
||
| 245 | 0 | _aHandbook of plant and crop stress | |
| 250 | _a2 | ||
| 260 |
_aNew York _bMarcel Dekker _c1999 |
||
| 650 | _aEnvironmental stress | ||
| 650 | _aHeat shock proteins | ||
| 650 | _aPlant ecology | ||
| 650 | _aWater stress | ||
| 700 | _aPessarakli, Mohammed | ||
| 942 | _cBK | ||
| 999 |
_c41706 _d41706 |
||